Central Library OPAC University of Rajshahi

Anthropology and archaeology : (Record no. 62848)

MARC details
000 -LEADER
fixed length control field 00878nam a2200253 a 4500
001 - CONTROL NUMBER
control field 62848
003 - CONTROL NUMBER IDENTIFIER
rucl marc code BD-RjUL
005 - DATE AND TIME OF LATEST TRANSACTION
control field 20211209081129.0
008 - FIXED-LENGTH DATA ELEMENTS--GENERAL INFORMATION
fixed length control field 170126s1969 ii abc b 010 0 engs
035 ## - SYSTEM CONTROL NUMBER
System control number (BD-RjUL)62976
040 ## - CATALOGING SOURCE
Original cataloging agency DLC
Transcribing agency DLC
Modifying agency BD-RjUL
Language of cataloging eng
041 ## - LANGUAGE CODE
Language code of text/sound track or separate title eng
082 ## - DEWEY DECIMAL CLASSIFICATION NUMBER
Edition number 23
Classification number 301.0954
Author mark and year ANT 1969
245 00 - TITLE STATEMENT
Title Anthropology and archaeology :
Remainder of title essays in commemoration of Verrier Elwin, 1902-64 /
Statement of responsibility, etc. Edited by M. C. Pradhan... [et al]
260 ## - PUBLICATION, DISTRIBUTION, ETC. (IMPRINT)
Place of publication, distribution, etc. Bombay :
Name of publisher, distributor, etc. Indian Branch, Oxford University Press,
Date of publication, distribution, etc. c1969.
300 ## - PHYSICAL DESCRIPTION
Pagination viii, 328 p. :
Illustrations ill. ;
Size 23 cm.
504 ## - BIBLIOGRAPHY, ETC. NOTE
Bibliography, etc Includes bibliographies.
600 10 - SUBJECT ADDED ENTRY--PERSONAL NAME
Personal name Elwin, Verrier,
Dates associated with a name 1902-1964.
650 #0 - SUBJECT ADDED ENTRY--TOPICAL TERM
Topical term or geographic name as entry element Anthropology
Geographic subdivision India.
9 (RLIN) 189085
Topical term or geographic name as entry element Ethnology
Geographic subdivision India.
9 (RLIN) 186837
700 1# - ADDED ENTRY--PERSONAL NAME
Personal name Elwin, Verrier,
Dates associated with a name 1902-1964.
Personal name Pradhan, Mahesh Chandra,
Dates associated with a name 1930-
Relator term ed.
942 ## - ADDED ENTRY ELEMENTS (KOHA)
Source of classification or shelving scheme Dewey Decimal Classification
Koha item type Books
Holdings
Lost status Source of classification or shelving scheme Damaged status Not for loan Collection code Permanent Location Current Location Shelving location Date acquired Source of acquisition Total Checkouts Full call number Date last seen Copy number Koha item type Cost, normal purchase price
  Dewey Decimal Classification   Not For Loan Non-fiction Central Library, University of Rajshahi Central Library, University of Rajshahi Reading Room 16/11/1983 Unknown   301.0954 ANT 1969 26/01/2017 C-1 Books  
  Dewey Decimal Classification     Non-fiction Central Library, University of Rajshahi Central Library, University of Rajshahi   15/05/1974 OxfordUniversity Press   301.0954 ANT 1969 20/05/2017 C-2 Books 85.80
  Dewey Decimal Classification     Non-fiction Central Library, University of Rajshahi Central Library, University of Rajshahi   22/06/1974 Indian Govt.   301.0954 ANT 1969 20/05/2017 C-3 Books